| 000 | 01234cam a22001814a 4500 | ||
|---|---|---|---|
| 005 | 20250605163454.0 | ||
| 008 | 250528s ||||||||||||||||||||||||d | ||
| 035 | _a19953 | ||
| 020 | _a195218353 | ||
| 040 |
_aGR-AtMCL _bgre _dGR-AtMCL _eAACR2 |
||
| 245 | 1 | _aHuman Development Report 2001 / Making New Technologies Work for Human Development | |
| 260 |
_bOxford University Press, _c2001 |
||
| 300 | _a264 | ||
| 520 | _aThis book looks at how the advent of new technologies will affect developing countries and poor people. Technology Networks are Transforming the traditional map of development, expanding people's horizons and creating the potential to realize in a decade progress that required generations in the past. Overview, Making New Technologies Work for Human Development, Human Development - Past and Present and Future, Today's Technological Transformations - Creating the Network Age, Managing the Risks of Technological Change, Unleashing Human Creativity: National Strategies, Global Initiatives to Create Technologies for Human Development, Special Contributions, Boxes, Tables, Figures, Features, Map, Human Development Indicators, Technical Notes, Index. | ||
| 942 | _cBK | ||
| 999 |
_c5191 _d5191 |
||